000 00549nam a2200181Ia 4500
005 20260429112248.0
008 260429s9999||||xx |||||||||||||| ||und||
020 _a9788126710867
041 _aHindi
082 _a891.438
_bROY
100 _aराय, गोपाल
245 0 _aउपन्यास की संरचना /
_cगोपाल राय
250 _a3rd rev.
260 _aनई दिल्ली :
_bराजकमल प्रकाशन,
_c2023.
300 _a490 p.; Hb
650 _aCriticism
942 _cTB
999 _c53186
_d53186